LEADER 00752nam a22001817a 4500
082 |a 894.M1  |b GOP11/K K2 
100 |a ഗോപാലകൃഷ്ണന്‍ കോലഴി;  |9 11474 
100 |a Gopalakrishnan Kolazhi  |9 10559 
240 |a Kaali 
245 |a കാളി 
250 |a 1st 
260 |a Kozhikode;  |b P K Brothers;  |c 1962 
300 |a ii;55p. 
650 |a മലയാളം; മലയാളസാഹിത്യം; മലയാളം കവിതകള്‍  |9 48058 
650 |a Malayalam; Malayalam Literature; Malayalam Poetry  |9 48059 
942 |c BK 
999 |c 40841  |d 40841 
952 |0 0  |1 0  |4 0  |6 894_000000000000000_M1_GOP11_K_K2  |7 0  |8 POE  |9 46725  |a MAL  |b MAL  |d 2015-07-02  |e 18805  |g 0.75  |l 0  |o 894.M1 GOP11/K K2  |p MAL018805  |r 2015-07-02  |t 1  |w 2015-07-02  |y BK